00895nam a2200253 i 4500001001000000003000900010005001700019007000300036008004100039040003000080082001300110100000300123245018100126264004200307300002600349336002700375337003300402338002800435650004400463650004500507650004200552650002400594650002300618000005857DO-SdBNP20230531102954.0ta090824s200? dr 001 0 spa d aDO-SdBNPbspacBNPHUerda bD671222 10aDominicano conoce tu constitución :bpara cumplir con tus deberes y reclamar tus derechos /cDionis Durán González, presidente del Centro de Estudios y Desarrollo Humano aSanto Domingo :bCEDHUM,c[sin fecha] a47 paginas. ;c26 cm. 2rdacontentatextobtxt 2rdamediaasin mediaciónbn 2rdacarrieravolumenbnc 4aDerecho laboralzRepública Dominicana 4aDerecho procesalzRepública Dominicana 4aDerecho penalzRepública Dominicana 4aLegislacion laboral 4aDerecho al trabajo